Top 25 Immigrant Countries (by Percentage) - Statistics

General Stats
  • This quiz has been taken 256 times
  • The average score is 14 of 25
Answer Stats
Percent Immigrants Country % Correct
20.7% Canada
83%
83.7% United Arab Emirates
82%
27.7% Australia
80%
100.0% Vatican (Holy See)
77%
73.8% Qatar
76%
31.4% Saudi Arabia
75%
26.5% Israel
74%
60.2% Kuwait
72%
30.6% Oman
71%
54.7% Bahrain
70%
64.2% Monaco
67%
25.1% New Zealand
67%
42.9% Singapore
67%
56.9% Andorra
59%
43.3% Luxembourg
59%
40.2% Jordan
56%
33.1% Liechtenstein
54%
28.9% Switzerland
50%
49.3% Brunei
43%
24.4% Maldives
32%
26.7% Palau
25%
20.6% Nauru
23%
31.9% Antigua and Barbuda
18%
21.1% Kazakhstan
16%
23.6% Gabon
4%
No matching quizzes found
Score Distribution
Percent of People with Each Score
Percentile by Number Answered
Your Score History
You have not taken this quiz